000 00887nam a2200205Ia 4500
999 _c34594
_d34594
001 355
003 GE_BSU
005 20200130144316.0
008 181216s2008||||ge |||||||||||||| ||geo||
040 _cGE_BSU
080 _a611+611.1 კ-36
100 _aკაციტაძე, ზურაბ
_96529
245 _aადამიანის ანატომია :
_bგული, არტერიები, ვენები, ლიმფური ძარღვები /
_cზ. კაციტაძე, მ. აბესაძე.
264 _aთბილისი :
_bმედიცინა,
_c2008.
300 _a107 გვ.:
_b სურ. ;
_c20 სმ.
653 _a ადამიანის ანატომია
653 _aგულ-სისხლძარღვთა სისტემა
653 _aმედიცინა
942 _cBK
_2udc